Т. 46: Пола - Призмы оптические; Большая советская энциклопедия

Detalles Bibliográficos
Parent link:Большая советская энциклопедия: в [66] т./ гл. ред. О. Ю. Шмидт. Т. 46: Пола - Призмы оптические.— , 1926-
Summary:Нумерация стр. в двойной пагинации.
Idioma:ruso
Publicado: ОГИЗ РСФСР, 1940
Subjects:
Formato: MixedMaterials Libro
KOHA link:https://koha.lib.tpu.ru/cgi-bin/koha/opac-detail.pl?biblionumber=266057

MARC

LEADER 00000nam2a2200000 4500
001 266057
005 20231031223357.0
035 |a (RuTPU)RU\TPU\book\289060 
035 |a RU\TPU\book\289058 
090 |a 266057 
100 |a 20140702d1940 km y0rusy50 ca 
101 0 |a rus 
102 |a RU 
105 |a abcff 001zy 
200 0 |a Т. 46: Пола - Призмы оптические 
210 |c ОГИЗ РСФСР  |d 1940 
215 |a 816 с., [15] вкл. л.  |c ил. 
300 |a Нумерация стр. в двойной пагинации. 
320 |a Литература в конце ст. 
461 1 |0 (RuTPU)RU\TPU\book\288931  |t Большая советская энциклопедия  |o в [66] т.  |f гл. ред. О. Ю. Шмидт  |v Т. 46: Пола - Призмы оптические  |d 1926- 
610 1 |a справочные издания 
610 1 |a энциклопедии 
801 1 |a RU  |b 63413507  |c 20140701 
801 2 |a RU  |b 63413507  |c 20140702  |g RCR 
942 |c BK